Sports Quiz

Random Sports or Soccer Quiz

Most Winning Teams in Champions League Quiz Stats

 Plays Quiz not verified by Sporcle

Score 0/12 Timer 05:00
0 Plays Today
Wins Club % Correct
9Real Madrid CF
99.3%
3FC Barcelona
97%
3Manchester United FC
96.7%
7AC Milan
95.8%
5Liverpool FC
95.8%
4FC Bayern Munich
91.4%
2FC Internazionale Milano
91.3%
2Juventus
84.8%
4AFC Ajax Amsterdam
79.6%
2FC Porto
72.8%
2Nottingham Forest FC
58.5%
2SL Benfica
58.1%

You're not logged in!

Compare scores with friends on all Sporcle quizzes.
OR
Log In

You Might Also Like...

Show Comments

Extras

Top Quizzes Today


Score Distribution

Your Account Isn't Verified!

In order to create a playlist on Sporcle, you need to verify the email address you used during registration. Go to your Sporcle Settings to finish the process.

Report this User

Report this user for behavior that violates our Community Guidelines.

Details: